| 000 | 01190nam2a2200277 4500 | ||
|---|---|---|---|
| 001 | RU\NLR\bibl\1428790 | ||
| 005 | 20250615221007.0 | ||
| 010 |
_a978-5-9221-0902-4 _93000 |
||
| 021 |
_aRU _b2009-68805 _94259 |
||
| 035 | _a(NLR Aleph) 001420709 | ||
| 090 |
_a1340861 _c1340861 |
||
| 100 | _a20091022d2009 |||y0rusy50 ca | ||
| 101 | 0 | _arus | |
| 102 | _aRU | ||
| 105 | _aa ||||||||| | ||
| 200 | 0 | _aЧ. 1 | |
| 210 |
_d2009 _aБ. м. |
||
| 215 |
_a646 с. _cил. |
||
| 225 | 1 |
_a... _vВып. 1 |
|
| 320 | _aПредм. указ.: с. 642-646 | ||
| 461 | 0 |
_1001RU\NLR\bibl\1483757 _12001#$aОсновы математического анализа$vЧ. 1 _91669806 _aИльин, В. А. (математик ; 1928-2014) _cМосква _d2009 _e7-е изд., стер. _fВ.А. Ильин, Э.Г. Позняк _nФизматлит _oучебник для студентов физических специальностей и специальности "Прикладная математика" : [в 2 ч.] _tОсновы математического анализа _vЧ. 1 |
|
| 801 | 0 |
_aRU _bNLR _c20091022 _gRCR |
|
| 801 | 1 |
_aRU _bNLR _c20091022 |
|
| 942 | _cBOOK | ||
| 980 | _aNB | ||